000 00645nas a2200229 4500
001 BR9602739
003 BR-BrBNA
005 20231205094740.0
007 ta
008 230509b bl.|||p| |||| 00| 00por d
040 _aBR-BrBNA
_bpor
_cBiblioteca Nacional de Agricultura
041 _a(Pt)
072 _aL72
100 1 _aAnon.
245 1 _aQuanto mais rapido cresce mais prolitico e o coelho
650 _aCoelho
650 _aCrescimento
650 _aSarna
773 0 _tAgricultura e Pecuaria (Brazil)
_xISSN 0100-249x
_g(Mar 1973), no. 578 p. 36-37
_wBR9602739
909 _a202311
_bLúcia
_c55
_dLúcia Elande
942 _2AGRIS
_n0
_cANA
999 _c146582
_d146582